| 000 | 00634nam a2200217 a 4500 | ||
|---|---|---|---|
| 005 | 20230510063756.0 | ||
| 008 | 070329s2002 mx r 000 0 spa d | ||
| 020 | _a9681912136 | ||
| 035 | _aUPN01000150040 | ||
| 049 | _aCG | ||
| 050 | 4 |
_aHQ31 _bD6.3 |
|
| 100 | 1 | _aDodson, Betty | |
| 245 | 1 | 0 |
_aClímax en pareja : _bintimidad y placer para dos / _cBetty Dodson ; tr. Martha Mauri. |
| 260 |
_aMéxico : _bAguilar, _c2002. |
||
| 300 |
_a298 p. : _bil. |
||
| 534 |
_pTítulo original: _tOrgasms for two |
||
| 650 | 4 |
_aEducación sexual _97445 |
|
| 650 | 4 |
_aORGASMO _922255 |
|
| 650 | 4 |
_aRelaciones de pareja _96414 |
|
| 905 | _aLibro | ||
| 999 |
_c122181 _d122181 |
||